Health Information Science : Third International Conference, HIS 2014, Shenzhen, China, April 22-23, 2014 : Proceedings /
Selección de ponencias de la tercera Conferencia Internacional sobre Ciencias de la Información en Salud, celebrada en Shenzhen, China, en abril de 2014. Los artículos cubren temas relacionados con la gestión de la información de salud, entre los que destacan la prestación de los servicios de salud;...
Guardado en:
| 企業作者: | |
|---|---|
| 其他作者: | |
| 格式: | Procedimiento de la conferencia 圖書 |
| 語言: | 英语 |
| 出版: |
Cham, Suiza :
Springer,
2014, c2014
|
| 叢編: | (Lecture Notes in Computer Science ;
8423) |
| 主題: | |
| 在線閱讀: | Ver documento en línea |
| 標簽: |
沒有標簽, 成為第一個標記此記錄!
|
MARC
| LEADER | 00000nam^a2200000^a^4500 | ||
|---|---|---|---|
| 001 | 000557396 | ||
| 005 | 20251023000000.0 | ||
| 009 | 20260526152707.211 | ||
| 020 | |a 978-3-319-06269-3 | ||
| 037 | |a Acervo ITESO - Biblioteca | ||
| 041 | |a ING | ||
| 082 | |a Libro en línea | ||
| 111 | |a International Conference on Health Information Science ( |n 3a : |d 2014 : |c Shenzhen, China) | ||
| 245 | 1 | 0 | |a Health Information Science : |b Third International Conference, HIS 2014, Shenzhen, China, April 22-23, 2014 : Proceedings / |c Ed. de Y. Zhang... [et al.]. |
| 264 | 4 | |a Cham, Suiza : |b Springer, |c 2014, c2014 | |
| 264 | 2 | |a Cham, Suiza : |b Springer Link [distribución], |c 2014, c2014 | |
| 300 | |a 1 libro electrónico en línea (XIV, 282 p.) | ||
| 300 | |a 1 recurso en línea | ||
| 336 | |a datos para computadora |b cod |2 rdacontenido | ||
| 337 | |a computadora |b c |2 rdamedio | ||
| 338 | |a recurso en línea |b cr |2 rdasoporte | ||
| 440 | 1 | |a (Lecture Notes in Computer Science ; |v 8423) | |
| 506 | 0 | |a Licencias ilimitadas | |
| 520 | |a Selección de ponencias de la tercera Conferencia Internacional sobre Ciencias de la Información en Salud, celebrada en Shenzhen, China, en abril de 2014. Los artículos cubren temas relacionados con la gestión de la información de salud, entre los que destacan la prestación de los servicios de salud; registros médicos de pacientes; equipos, software y herramientas para capturar, almacenar, procesar, analizar y recuperar la información en el ámbito de la salud; uso de datos para la toma de decisiones; visualización por computadora de la información; diagnóstico asistido por computadora; entre otros. | ||
| 649 | |a XX | ||
| 650 | |a Minería de Datos | ||
| 650 | |a Proceso de Datos | ||
| 650 | |a Visión por Computadora | ||
| 650 | |a Diagnóstico por Imagen | ||
| 650 | |a Enfermedades - |x Diagnóstico | ||
| 650 | |a Salud - |x Aspectos Tecnológicos | ||
| 650 | |a Servicios Médicos y de Salud - |x Aspectos Tecnológicos | ||
| 650 | |a Sistemas de Información - |x Congresos - |x Tema Principal | ||
| 650 | |a Sistemas de Información - |x Administración - |x Tema Principal | ||
| 650 | |a Sistemas de Información | ||
| 650 | |a Inteligencia Artificial | ||
| 650 | |a Ingeniería Computacional | ||
| 700 | |a Zhang, Yanchun |e (edición) | ||
| 856 | 4 | 0 | |u https://link-springer-com.ezproxy.iteso.mx/10.1007/978-3-319-06269-3 |y Ver documento en línea |
| 910 | |a Fondo General | ||
| 920 | |a Electrónicos - Libros en Línea | ||
| 930 | |a Plataforma Digital | ||
| 905 | |a 205 | ||
| 901 | |a 557396-1 |b IT2 |c EBO |i C |u 20250521 | ||
| 902 | |a https://opac.biblio.iteso.mx/vufind/Record/000557396 | ||